A Direção Moderna, Princípios e Métodos (Record no. 32644)

000 -Cabeçalho do registo
Cabeçalho 00430nam a2200145 4500
001 - Identificador do registo
Campo de controlo 32644
100 ## - Dados gerais de processamento
Dados gerais de processamento 20260326d1962 u||y0pory50 ba
101 ## - Língua de publicação
Língua do texto, banda sonora, etc. Português
102 ## - Pais de publicação ou produção
País de publicação Portugal
200 ## - Titulo e menção de responsabilidade
Título próprio A Direção Moderna, Princípios e Métodos
Título próprio de outro autor La direction moderne-principes et méthodes
Primeira menção de responsabilidade Dick Carlson
205 ## - Menção da edição
Menção da edição Ed. 3.ª
210 ## - Publicação, Distribuição, etc.
Lugar da edição, distribuição, etc. Portugal, Lisboa
Nome do editor, distribuidor, etc. Pórtico
Data da publicação, distribuição, etc. 1962
215 ## - Descrição física
Indicação específica da natureza do documento e extensão da espécie 223, [6] p.
Outras indicações físicas il.
Dimensões 22 cm
700 ## - Nome de autor-pessoa física (responsabilidade principal)
Palavra de ordem Carlson
Outra parte do nome não tomada para palavra de ordem Dick
Holdings
Situação do extravio Data de aquisição Número de registo Biblioteca de aquisição Biblioteca de empréstimo Cota Fim da data de empréstimo Permissão de empréstimo Tipo de documento Forma de aquisição
  2026-03-26 11630 Biblioteca de Algés Biblioteca de Algés 11630 2026-03-26 Emprestado Monografias Oferta

Powered by Koha